ARCHITECTURAL space in eighteenth-century Europe constructing identities and interiors
Guardat en:
| Format: | Llibre |
|---|---|
| Idioma: | anglès |
| Publicat: |
Ashgate Publishers
2010
|
| Etiquetes: |
Afegir etiqueta
Sense etiquetes, Sigues el primer a etiquetar aquest registre!
|
MARC
| LEADER | 00000nam a22000007a 4500 | ||
|---|---|---|---|
| 008 | 201207b ||||| |||| 00| 0 eng d | ||
| 020 | |a 978-0-7546-6650-9 | ||
| 245 | |a ARCHITECTURAL space in eighteenth-century Europe |b constructing identities and interiors |c edited by Denise Amy Baxter and Meredith Martin |g xiii, 267p.; ill. | ||
| 250 | |c Baxter, D. A. and Martin M. | ||
| 260 | |b Ashgate Publishers |c 2010 |h Surrey, England |i 676317 |l NA2850.Ar23 |m Interior architecture – Europe – History – 18th century |m Interior architecture – Psychological aspects | ||
| 500 | |a “It includes bibliographical references and index”. | ||
| 942 | |a lcc |c BK |e ADEYEYE Y. S. |f 7/12/2020 | ||
| 952 | |0 0 |1 0 |2 lcc |4 0 |7 0 |9 48 |a HOL |b HOL |c LP |d 2020-12-07 |o NA2850.Ar23 |p 2020-0026 |r 2020-12-07 00:00:00 |w 2020-12-07 |y BK | ||
| 999 | |c 24 |d 24 | ||